One punch man S-Class heros - Statistics

General Stats
  • This quiz has been taken 928 times
  • The average score is 11 of 17
Answer Stats
Hint Answer % Correct
Saitama's Disciple Genos
97%
"Strongest" Man King
82%
Martials arts Bang / Silverfang
78%
Bat Metal Bat
78%
Number 1 Blast
76%
Zombie Zombieman
71%
Tank top Tank top master
69%
Robot Metal knight
67%
Little child Child Emperor
65%
Katana Atomic Samurai
64%
Flash Flashy Flash
64%
Angel style Puripuri Prisoner
62%
Female Tornado
58%
Oink Pig God
52%
Woof Watchdog Man
52%
Bodybuilder Blackluster
12%
White mask cyborg Drive Cyborg
6%
No matching quizzes found
Score Distribution
Percent of People with Each Score
Percentile by Number Answered
Your Score History
You have not taken this quiz